Quizzes
Events
Quiz Creation
Community
Videos
Private Events
Remove Ads
Sign In
Join for FREE
Feedback
Dark Mode
Quiz Categories
Sports
Geography
Music
Movies
Television
Just For Fun
Miscellaneous
History
Literature
Language
Science
Gaming
Entertainment
Religion
Holiday
For Kids
Quiz Lab
Recent
Popular Today
Quiz Kudos Today
Editor Picks
Curator Picks
Quizzes by...
Day
Popularity
Type
Ratings
Length
Year
Community
Subscriptions
Recent Discussions
Orange Saloon
Badges
Playlists
Quests
Create
Leaderboards
Showdown
Live 5
Trivia Bingo
Activity
Puzzle Library
Sporcle Events
Private Events
Virtual Trivia
Globe League
Become a Host
Pub Owners
SporcleCon
Opinionation
Our Games
Videos
Blog
Mobile Apps
Partnerships
Remove Ads and Go Orange
Feedback
Gaming
Video Games
Board Games
Card Games
Pokémon
Mario
Nintendo
Minecraft
Console
Toys
Legend of Zelda
Gaming
Video Games
Board Games
Card Games
Pokémon
Mario
Nintendo
Minecraft
Console
Toys
Legend of Zelda
Random Quiz
Search Sporcle
×
Quiz Lab
Quiz Lab
Gaming
Armageddon
Type answers that appear on an image
Type answers that appear on an image
Map
Best Score? Go Orange.
Mortal Kombat Armageddon Characters Map Stats
Can you name the Mortal Kombat Armageddon Characters Map?
By
NarutoUzumaki
18m
62 Questions
65 Plays
65 Plays
65 Plays
Comments
Comments
Give Quiz Kudos
Give Quiz Kudos
-
- Ratings
hide this ad
Replay
Link that replays current quiz
Next Quiz
Link to next quiz in quiz playlist
You Got
0%
They Got
Avg Score
70%
Avg Friend Score
Upgrade to see
Score Distribution
Jump to the score distribution portion of the page
Score
0/62
Timer
18:00
0
Plays Today
% Correct
Scorpion
98.5%
Sub-Zero
95.4%
Johnny Cage
87.7%
Sonya
84.6%
Goro
84.6%
Reptile
83.1%
Liu Kang
83.1%
Noob Saibot
80%
Cyrax
80%
Kitana
80%
Rain
78.5%
Smoke
78.5%
Quan Chi
78.5%
Kano
78.5%
Jax
78.5%
Kung Lao
76.9%
Ermac
76.9%
Raiden
76.9%
Kabal
76.9%
Mileena
76.9%
Jade
76.9%
Sindel
76.9%
Sheeva
76.9%
Kintaro
76.9%
Sektor
75.4%
Shang Tsung
73.8%
Frost
73.8%
Onaga
73.8%
Taven
72.3%
Stryker
72.3%
Nightwolf
72.3%
% Correct
Blaze
72.3%
Baraka
70.8%
Daegon
69.2%
Tanya
69.2%
Fujin
67.7%
Bo Rai Cho
67.7%
Motaro
67.7%
Kobra
67.7%
Chameleon
64.6%
Shinnok
64.6%
Darrius
64.6%
Reiko
64.6%
Meat
64.6%
Kenshi
63.1%
Shujinko
63.1%
Moloch
63.1%
Hsu Hao
61.5%
Li Mei
60%
Sareena
60%
Mokap
60%
Havik
60%
Drahmin
60%
Kira
58.5%
Kai
58.5%
Ashrah
56.9%
Mavado
56.9%
Hotaru
56.9%
Nitara
56.9%
Jarek
55.4%
Shao Khan
55.4%
Dairou
53.8%
Quiz Playlist
Details
Report
Send in Message
Add To Playlist
Map:
Type answers that appear on an image
Last Updated: Nov 24, 2017
Quiz Scoreboard
CHALLENGE
Sign Up to Join the Scoreboard
Show All
Scores
Hide
Comments
May contain spoilers
Recently Published
1-10 Letter E Words III
by El_Dandy
Language
2m
One Thing in Common: World Cities II
by knightlancer
Geography
7m
Popular People in 1961
by mucciniale
History
6m
More to Explore
Quiz From the Vault
Featured Blog Post
Where Did the Easter Bunny Come From?
hide this ad
You Might Also Like...
Tags
Armageddon
Character
kombat
map
mortal
Mortal Kombat
Today's Top Quizzes in Gaming
Browse Gaming
hide this ad
Today's Top Quizzes in Armageddon
Browse Armageddon
Top Contributed Quizzes in Gaming
1
Destiny 2 exotic weapons by perk icons
2
Who's on the WWE 2K24 Cover?
3
Windmill: Pokémon
4
Overwatch 2 Heroes by Selection Quote
5
Overwatch 2: Ultimate Ability Icons
6
Genshin Impact Logic Puzzle
7
Genshin murder mystery
8
Legendary or Exotic?
9
Overwatch Logic Puzzle
10
Franchise by Action Figure
Explore More
Trending Topics
Kpop
Disney
Marvel
NBA
Anime
Crossword
Harry Potter
Song
Puzzle
Country
The Office
NFL
Soccer
WWE
Pokémon
hide this ad
More By:
NarutoUzumaki
Quiz
Plays
Rating
Category
Featured
Created
TV Character by Surname II
20,077
3.84
Television
Feb 15, 2012
Power Rangers by Color
2,850
4.00
Television
Nov 9, 2017
Power Rangers Season by Red Ranger
2,191
5.00
Television
Jan 18, 2012
Naruto Characters Map
2,159
3.63
Television
Nov 16, 2017
Paw Patrol Characters Map
1,468
5.00
Television
Nov 22, 2017
Go to Creator's Profile
Score Distribution
Quiz Creator Spotlight
NarutoUzumaki
Follow
Send a Message
Quizzes Created
-
Created Quiz Play Count
-
More By This Creator
Popular Quizzes Today
1
Find the US States - No Outlines Minefield
2
Find the Countries of Europe - No Outlines Minefield
3
The Countries of the World
4
Popular People in 1961
5
1-10 Letter E Words III
6
Find the US States
7
One Thing in Common: World Cities II
8
US States
More Gaming Quizzes
Grand Theft Auto 2 (1999) Cars
Quiz Lab
Trending Quizzes
Risky Map Clicking: Least Populous States A-Z
1-10 Letter F Words
1-10 Letter G Words
One Thing in Common: United Kingdom
Risky Map Clicking: Biggest States A-Z
Recently Updated
Leaping Animals
pecheneg
Reality TV Shows (A-Z)
bhenderson79
Rickey Henderson's Hall of Fame Teammates
pecheneg
Champions League XIs: Arsenal
pecheneg
Quick Pick: Celebrities in WWE's Hall of Fame
aduchscher
A-Z Keypad Blitz II
pecheneg
Multiple Oscar Actors
pecheneg
Mystery Phrase Blitz: Oscar 'Best Actors'
pecheneg
F. Scott Fitzgerald Novels
LTH
Pick 3 Villains
ddd62291
Trending Topics
Disney
Crossword
Harry Potter
NBA
Kpop
Marvel
Anime
WWE
Pokémon
Puzzle
Soccer
Country
NFL
Song
The Office
Your Account Isn't Verified!
In order to create a playlist on Sporcle, you need to verify the email address you used during registration. Go to your
Sporcle Settings
to finish the process.
Report this User
Report this user for behavior that violates our
Community Guidelines
.
Details:
Send Report
Go to the Sporcle.com Mobile Site →
Comments